00401nam a22001457a 450000500170000000800410001702000140005804100120007208200160008410000120010024500430011226000500015530000250020565000250023020240830082955.0240830b |||||||| |||| 00| 0 eng d a409018945 aEnglish a340.03 CLA  lEnglish aDictionary of Legal Words and Phrases  aDurban: bButterworth and Company Ltd, c1976 b436 pages; c25 cm.  aLegal practice bLaw